| 000 | 00771nam a2200217 i 4500 | ||
|---|---|---|---|
| 001 | 28091 | ||
| 003 | ES-MaACL | ||
| 005 | 20250701212927.0 | ||
| 007 | t| | ||
| 008 | 030116s1949 ag ||||1| spa d | ||
| 100 | 1 |
_aBacon, Francis ( _d1561-1626) _9154861 |
|
| 245 | 1 | 0 |
_aNovum Organum / _cFrancis Bacon ; estudio preliminar y notas de Risieri Frondizi ; [traducción directa del latín por Clemente Hernando Balmori]. |
| 260 |
_aBuenos Aires : _bLosada, _c[1949] ( _fBartolomé U. Chiesino) |
||
| 300 |
_a341 p. ; _c21 cm. |
||
| 490 | 1 | _aBiblioteca filosófica | |
| 700 | 1 |
_aFrondizi, Risieri. _952737 |
|
| 700 | 1 |
_aHernando Balmori, Clemente. _963098 |
|
| 830 | 0 | 0 |
_aBiblioteca filosófica _9179275 |
| 852 |
_aES-MaACL _jD-6030 _bR.29544 |
||
| 999 |
_c28091 _d28091 |
||